Types of Weapons - Statistics

General Stats
  • This quiz has been taken 16 times
    12 since last reset
  • The average score is 30 of 52
Answer Stats
Picture Answer % Correct
Axe
100%
Cannon
100%
Crossbow
100%
Grenade
100%
Knife
100%
Morningstar
100%
Tank
100%
Flamethrower
90%
Katana
90%
Sledgehammer
90%
Slingshot
90%
Bayonet
80%
Bazooka
80%
Boomerang
80%
Catapult
80%
Dagger
80%
Mine
80%
Mortar
80%
Trident
80%
Blowgun
70%
Javelin
70%
Shuriken
70%
Machine Gun
60%
Musket
60%
Nunchaku
60%
Rapier
60%
Tomahawk
60%
Torpedo
60%
Harpoon
50%
Missile
50%
Pike
50%
Sai
50%
Scythe
50%
Trebuchet
50%
Claymore
40%
Lance
40%
Sea Mine
40%
Battering Ram
30%
Bolas
30%
Caltrop
30%
Flail
30%
Halberd
30%
Scimitar
30%
Glaive
20%
Howitzer
20%
Sabre
20%
Tonfa
20%
Broadsword
10%
Chakram
10%
Katar
10%
Knobkerrie
10%
Seax
0%
No matching quizzes found
Score Distribution
Percent of People with Each Score
Percentile by Number Answered
Your Score History
You have not taken this quiz since the last reset